<?xml version="1.0" encoding="UTF-8"?><?xml-stylesheet type="text/xsl" href="static/style.xsl"?><OAI-PMH xmlns="http://www.openarchives.org/OAI/2.0/" xmlns:xsi="http://www.w3.org/2001/XMLSchema-instance" xsi:schemaLocation="http://www.openarchives.org/OAI/2.0/ http://www.openarchives.org/OAI/2.0/OAI-PMH.xsd"><responseDate>2026-06-05T18:54:10Z</responseDate><request verb="GetRecord" identifier="oai:riuma.uma.es:10630/23195" metadataPrefix="marc">https://riuma.uma.es/rest/oai/request</request><GetRecord><record><header><identifier>oai:riuma.uma.es:10630/23195</identifier><datestamp>2026-02-03T12:10:54Z</datestamp><setSpec>com_10630_2254</setSpec><setSpec>col_10630_37959</setSpec></header><metadata><record xmlns="http://www.loc.gov/MARC21/slim" xmlns:dcterms="http://purl.org/dc/terms/" xmlns:doc="http://www.lyncode.com/xoai" xmlns:xsi="http://www.w3.org/2001/XMLSchema-instance" xsi:schemaLocation="http://www.loc.gov/MARC21/slim http://www.loc.gov/standards/marcxml/schema/MARC21slim.xsd">
   <leader>00925njm 22002777a 4500</leader>
   <datafield ind2=" " ind1=" " tag="042">
      <subfield code="a">dc</subfield>
   </datafield>
   <datafield ind2=" " ind1=" " tag="720">
      <subfield code="a">Abellán López, David</subfield>
      <subfield code="e">author</subfield>
   </datafield>
   <datafield ind2=" " ind1=" " tag="720">
      <subfield code="a">Bernal Benítez, Carmen</subfield>
      <subfield code="e">author</subfield>
   </datafield>
   <datafield ind2=" " ind1=" " tag="720">
      <subfield code="a">Prado-Novoa, María</subfield>
      <subfield code="e">author</subfield>
   </datafield>
   <datafield ind2=" " ind1=" " tag="720">
      <subfield code="a">Sánchez Lozano, Miguel</subfield>
      <subfield code="e">author</subfield>
   </datafield>
   <datafield ind2=" " ind1=" " tag="260">
      <subfield code="c">2021</subfield>
   </datafield>
   <datafield ind2=" " ind1=" " tag="520">
      <subfield code="a">La regulación relativa a la seguridad infantil en vehículos asegura que los sistemas de retención infantil disponibles en el mercado ofrezcan un nivel mínimo de seguridad. Sin embargo, todavía hay margen para reducir el nivel de lesión ocasionado a niños y niñas en accidentes de tráfico. Las lesiones más comunes en infantes de menos de 2 años son las lesiones de cuello debido al tamaño de su cabeza en comparación con la fragilidad de su cuello. Por otro lado, ha sido demostrado que la posición del ocupante del sistema de retención infantil influye en la severidad de las lesiones causadas.  &#xd;
Este trabajo presenta la metodología para el estudio de la influencia de la inclinación del respaldo del sistema de retención infantil en los daños producidos en el cuello del ocupante. Para estimar el daño producido en el cuello se utilizan varios criterios de daño en cuello basados en desplazamientos y rotaciones intervertebrales, velocidades y aceleraciones relativas entre la cabeza y distintas vértebras.  &#xd;
La investigación se realiza utilizando modelos de elementos finitos explícitos. Un modelo antropomórfico de niño escalable y un modelo de sistema de retención infantil simplificado realizado para este estudio. El escenario de accidente considerado en el estudio corresponde a una colisión frontal con el infante sentado mirando hacia atrás.</subfield>
   </datafield>
   <datafield ind1="8" ind2=" " tag="024">
      <subfield code="a">David Abellán López, Carmen Bernal Benítez, Maria Prado Nóvoa, Miguel Sánchez Lozano.Estudio por elementos finitos de la influencia  de la reclinaciÃ³n de un sistema de retenciÃ³n  infantil en las lesiones en cuello. XXIII CNIM, 20-22 Octubre 2021. Jaen (Spain)</subfield>
   </datafield>
   <datafield ind1="8" ind2=" " tag="024">
      <subfield code="a">https://hdl.handle.net/10630/23195</subfield>
   </datafield>
   <datafield tag="653" ind2=" " ind1=" ">
      <subfield code="a">Accidentes de tráfico -- Prevención</subfield>
   </datafield>
   <datafield tag="653" ind2=" " ind1=" ">
      <subfield code="a">Automóviles</subfield>
   </datafield>
   <datafield ind2="0" ind1="0" tag="245">
      <subfield code="a">Estudio por elementos finitos de la influencia  de la reclinación de un sistema de retención  infantil en las lesiones en cuello</subfield>
   </datafield>
</record>
</metadata></record></GetRecord></OAI-PMH>